[Event "IECG QF.2002.0.00013"]
[Site "IECG email"]
[Date "2002.02.26"]
[Round "?"]
[White "Mascarenhas, Arun"]
[Black "Massimini Gerbino, Martina"]
[Result "0-1"]
[WhiteElo "1000"]
[BlackElo "1111"]
[PlyCount "44"]
[EventDate "2002.02.26"]
[EventType "tourn (corr)"]
[EventRounds "6"]
[SourceTitle "Corr 2008"]
[Source "ChessBase"]
[SourceDate "2008.06.24"]
[SourceVersion "1"]
[SourceVersionDate "2008.06.24"]
[SourceQuality "1"]

1. Nf3 Nf6 2. c4 e6 3. d4 b6 4. Nc3 Bb7 5. Bg5 Bb4 6. Qc2 h6 7. Bh4 g5 8. Nxg5 hxg5 9. Bxg5 Be7 10. f3 Nh5 11. Bxe7 Qxe7 12. h3 Qh4+ 13. Kd1 Ng3 14. Rh2 Nxf1 15. Qd3 Nxh2 16. Nb5 Qg3 17. d5 a6 18. Qd4 Rh7 19. Nc3 Qxg2 20. Kc2 Nxf3 21. Qd3 Rxh3 22. Kb3 Ng5 0-1

[Event "IECG QF.2002.0.00013"]
[Site "IECG email"]
[Date "2002.02.26"]
[Round "?"]
[White "Nicol, Peter"]
[Black "Mascarenhas, Arun"]
[Result "1-0"]
[WhiteElo "1000"]
[BlackElo "1000"]
[PlyCount "63"]
[EventDate "2002.02.26"]
[EventType "tourn (corr)"]
[EventRounds "6"]
[SourceTitle "Corr 2008"]
[Source "ChessBase"]
[SourceDate "2008.06.24"]
[SourceVersion "1"]
[SourceVersionDate "2008.06.24"]
[SourceQuality "1"]

1. e4 c5 2. Nf3 e6 3. c3 Nc6 4. Bb5 a6 5. Bxc6 bxc6 6. d4 d5 7. e5 cxd4 8. cxd4 Ne7 9. Nc3 Qb6 10. 0-0 c5 11. Na4 Qb5 12. Nxc5 Nc6 13. a4 Qb6 14. Be3 Qxb2 15. Qc1 Qxc1 16. Rfxc1 Bxc5 17. dxc5 0-0 18. Rcb1 Rd8 19. Rb6 Bd7 20. Nd4 Nxe5 21. c6 Nc4 22. Rb7 Na5 23. Rxd7 Rxd7 24. cxd7 Rd8 25. Rc1 Kf8 26. Bg5 Nc4 27. Bxd8 e5 28. Nc6 f6 29. Bc7 h5 30. d8Q+ Kf7 31. Qxd5+ Kg6 32. Ne7+ 1-0